Websphere MQ application programming / (Record no. 62043)

MARC details
000 -LEADER
fixed length control field 00383nam a22001337a 4500
005 - DATE AND TIME OF LATEST TRANSACTION
control field 20180824130335.0
020 ## - INTERNATIONAL STANDARD BOOK NUMBER
International Standard Book Number 8120323386
Terms of availability 225.00
035 ## - SYSTEM CONTROL NUMBER
System control number B-106325, B-106327
037 ## - SOURCE OF ACQUISITION
Stock number DPL
Source of stock number/acquisition ENG
245 ## - TITLE STATEMENT
Title Websphere MQ application programming /
260 ## - PUBLICATION, DISTRIBUTION, ETC. (IMPRINT)
Place of publication, distribution, etc New Delhi
Name of publisher, distributor, etc Prentice-Hall of India
Date of publication, distribution, etc 2003
300 ## - PHYSICAL DESCRIPTION
Extent xi, 247p.
Dimensions 22 cms.
942 ## - ADDED ENTRY ELEMENTS (KOHA)
Source of classification or shelving scheme Dewey Decimal Classification
Item type English Books
Classification part 005.13
Call number suffix WEB
Holdings
Withdrawn status Lost status Not for loan Collection code Home library Current library Date acquired Cost, normal purchase price Full call number Barcode Cost, replacement price Koha item type Source of acquisition
      Non-fiction Sarojini Nagar Sarojini Nagar 06/02/2012 225.00 005.13 WEB B-106325 225.00 English Books  
      Non-fiction Shahdara Branch Shahdara Branch 24/08/2018 225.00 005.13 WEB B-106327 225.00 English Books BPPD/PUB

© Delhi Public Library
Hit Counter
free hit counter